000
00340 a2200157 4500
001
172956
020
_a
040
_c
Magnum
100
_a
Saloutti, Elza Cesar
240
1
0
_a
Pao quente e cenouras frescas
_l
por
245
1
0
_a
Pao quente e cenouras frescas
362
0
_a
1899
440
1
_a
Ática
697
_a
I/ANIMAIS
942
_c
BK
999
_c
172956
_d
172956